| 000 | 00848nam a22001815i 4500 | ||
|---|---|---|---|
| 001 | 156032 | ||
| 003 | ES-MaACL | ||
| 005 | 20230906210310.0 | ||
| 008 | 040923s1873 sp |||| | spa d | ||
| 040 |
_aCAM _bspa _cCAM |
||
| 110 | 2 |
_aInstituto Provincial de Segunda Enseñanza de Vitoria. _9134539 |
|
| 245 | 1 | 0 |
_aMemoria acerca del estado del Instituto Provincial de Segunda Enseñanza de Vitoria leida en la apertura del curso académico de 1873 á 1874 / _cpor Santiago Moreno y Rey. |
| 260 |
_aVitoria : _b[s.n.], _c1873 ( _fImprenta de los hijos de Manteli) |
||
| 300 |
_a15, [11] p. ; _c21 cm. |
||
| 610 | 2 | 4 |
_aInstituto Provincial de Segunda Enseñanza de Vitoria- _xMemorias. _9145013 |
| 700 | 1 |
_aMoreno y Rey, Santiago. _9130184 |
|
| 852 |
_aES-MaACL _jT-157-F-9 _z-- Enc. hol. _q-- Falto de la cub. original _z-- Enc. en un vol. facticio |
||
| 999 |
_c156032 _d156032 |
||